000 01232nam a22003015a 4500
999 _c27264
_d27235
003 EG-ScBUE
005 20190319140044.0
008 121227t1989 ne a frb 001 0 eng d
020 _a9789401070249 (print)
040 _aEG-ScBUE
_beng
_cEG-ScBUE
_dEG-ScBUE
082 0 4 _a661.804
_bMAT
_222
100 1 _aMatar, Sami.
245 1 0 _aCatalysis in petrochemical processes /
_cby Sami Matar, Manfred J. Mirbach, Hassan A. Tayim.
260 _aDordrecht ;
_aLondon :
_bKluwer Academic Publisher,
_cc.1989.
300 _aix, 216 p. :
_bill. ;
_c24 cm.
504 _aIncludes bibliographical references and index.
520 _aThe field of petrochemicals started some years ago with the simple addition reaction of water to propylene for the production of isopropyl alcohol. Currently, the petrochemical industry has become a multi-billion dollar enterprise which encompasses a wide field of chemical products
650 7 _aChemistry.
_2BUEsh
650 7 _aChemistry, Organic.
_2BUEsh
650 7 _aChemistry, Physical organic.
_2BUEsh
650 7 _aCatalysis.
_2BUEsh
651 _2BUEsh
653 _bENGCHE
_cMarch2019
655 _vText book
700 1 _aMirbach, Manfred J.
700 1 _aTayim, Hassan A.
942 _2ddc